| 000 | 00685pam a2200241Ma 4500 | ||
|---|---|---|---|
| 008 | |||
| 020 | _a0750636084 (pbk.) | ||
| 049 | _aMAIN | ||
| 090 | _aTA147 TOO | ||
| 100 | 1 | _aTooley, Michael H. | |
| 245 | 1 | 0 |
_aHigher national engineering / _cMichael H. Tooley and Lloyd Dingle. |
| 260 |
_aOxford : _bNewnes, _c1998. |
||
| 300 |
_aviii, 503 p. : _bill. ; _c27 cm. |
||
| 500 | _aIncludes index. | ||
| 650 | 0 | _aEngineering. | |
| 650 | 0 |
_aEngineering _xProblems, exercises. |
|
| 700 | 1 | _aDingle, Lloyd. | |
| 907 |
_a.b1002623x _b25-02-14 _c17-04-03 |
||
| 003 | |||
| 005 | 20230123133834.0 | ||
| 040 | _cNUST | ||
| 942 |
_cBOOKS _kTA147 TOO |
||
| 999 |
_c155516 _d155516 |
||